Language Quiz

Random Language Quiz

Líkaminn / Ísl-Spæ Quiz Stats

Quiz not verified by Sporcle

Also try: Vowel Movement
Challenge
Share
Tweet
Embed
Score 0/22 Timer 10:00
0 Plays Today
Hint Answer % Correct
AugaEl ojo
100%
NefEl nariz
100%
HeilsanLa salud
94.7%
EyraLa oreja
94.7%
AndlitLa cara
94.7%
HöfuðLa cabeza
94.7%
MunnurLa boja
94.7%
ÖxlEl hombro
94.7%
HálsEl cuello
94.7%
Háls/kokLa garganda
89.5%
BringaEl pecho
89.5%
Hint Answer % Correct
HöndLa mano
89.5%
FingurEl dedo
89.5%
HandleggurEl brazo
84.2%
BakLa espalda
84.2%
MagiEl estómago
84.2%
FótleggurLa pierna
84.2%
RassEl culo
84.2%
NafliEl ombligo
84.2%
TönnEl diente
84.2%
JaxlLa muela
84.2%
HnéLa rodilla
84.2%

You're not logged in!

Compare scores with friends on all Sporcle quizzes.
Join for Free
OR
Log In

You Might Also Like...

Show Comments

Extras

Created Jan 17, 2014ReportNominate

Top Quizzes Today


Score Distribution

Your Account Isn't Verified!

In order to create a playlist on Sporcle, you need to verify the email address you used during registration. Go to your Sporcle Settings to finish the process.

Report this User

Report this user for behavior that violates our Community Guidelines.

Details: